| 000 | 00501nam a2200169Ia 4500 | ||
|---|---|---|---|
| 003 | OSt | ||
| 005 | 20260303152252.0 | ||
| 008 | 211028s2005 xx 000 0 und d | ||
| 040 | _cAIMIT LIBRARY | ||
| 041 | _aeng | ||
| 100 |
_aShammi;Anand, Ambika. _g194038 _92383 |
||
| 110 |
_aAnand, Ambika. _92384 |
||
| 245 | _aElectronic distributor network administration and roseller network administration / | ||
| 260 |
_aBangalore _c2005 |
||
| 710 |
_aSyst Logics Private Limited _92385 |
||
| 942 |
_2ddc _cPRO |
||
| 999 |
_c216879 _d216879 |
||